000 00364nam a2200157Ia 4500
008 230917s9999||||xx |||||||||||||| ||und||
040 _e36238
_aMAIN
041 _aEnglish
082 _a658.09 P963W
100 _aPugh, D S
245 0 _aWriters on organizations
250 _a2nd. ed.
260 _aEngland
_bPenguin
_c1971
300 _a183 p.
942 _cBK
999 _c185888
_d185888